[Event "World Blitz Championship"]
[Site "Almaty KAZ"]
[Date "2022.12.29"]
[Round "8.40"]
[White "Arjun Erigaisi"]
[Black "Boris Savchenko"]
[Result "1-0"]
[EventDate "2022.12.29"]
[WhiteElo "2722"]
[BlackElo "2552"]
[PlyCount "132"]

1. d4 d5 2. c4 e6 3. Nc3 a6 4. cxd5 exd5 5. Nf3 Nf6 6. Bg5 c6 7. e3 Bd6 8. Bd3 O-O 9. Ne5 Re8 10. f4 h6 11. Bh4 Be7 12. Qf3 Nbd7 13. O-O-O Nf8 14. g4 Nxg4 15. Bxe7 Nxe5 16. fxe5 Qxe7 17. Rhg1 Kh8 18. Rdf1 Be6 19. Qg3 Ng6 20. Ne2 Qh4 21. Bxg6 Qxg3 22. Rxg3 fxg6 23. Rxg6 Kh7 24. Rfg1 Re7 25. Nf4 Bf5 26. Rd6 Rf8 27. h4 Rd7 28. Rxd7 Bxd7 29. Kd2 Bf5 30. a4 a5 31. Kc3 g6 32. b4 axb4+ 33. Kxb4 b6 34. Rc1 Rc8 35. a5 bxa5+ 36. Kxa5 g5 37. hxg5 hxg5 38. Rh1+ Kg7 39. Rg1 Kh6 40. Rh1+ Kg7 41. Nh5+ Kg6 42. Nf6 Rb8 43. Rc1 Rb3 44. Rxc6 Kg7 45. Ne8+ Kh7 46. Rc7+ Kg6 47. Rc6+ Kh7 48. Rf6 Bg6 49. Nc7 g4 50. Ne6 Bd3 51. Rf4 Be2 52. Ng5+ Kg6 53. Nf7 g3 54. e6 Rxe3 55. Ne5+ Kg5 56. Rf8 Bh5 57. e7 Re4 58. Kb6 Re2 59. Kc5 Kh4 60. Rh8 Rc2+ 61. Kd6 g2 62. Rxh5+ Kxh5 63. e8=Q+ Kh4 64. Nf3+ Kg3 65. Qe3 Ra2 66. Ne1+ 1-0

[Event "World Blitz Championship"]
[Site "Almaty KAZ"]
[Date "2022.12.29"]
[Round "9.28"]
[White "Zhamsaran Tsydypov"]
[Black "Arjun Erigaisi"]
[Result "1-0"]
[EventDate "2022.12.29"]
[WhiteElo "2534"]
[BlackElo "2722"]
[PlyCount "188"]

1. e4 c5 2. Nf3 d6 3. Bb5+ Nd7 4. c3 Nf6 5. Qe2 a6 6. Ba4 Qc7 7. O-O c4 8. Bc2 e5 9. a4 Rb8 10. Na3 b5 11. axb5 axb5 12. d3 Be7 13. dxc4 bxc4 14. Nxc4 O-O 15. Ne3 Nc5 16. Nd2 Qc6 17. Qf3 Re8 18. b4 Ne6 19. Ba4 Qxc3 20. Ra3 Qxb4 21. Bxe8 Nd4 22. Qd1 Nxe8 23. Nd5 Qb7 24. Nb3 Nc6 25. Na5 Nxa5 26. Rxa5 Bd8 27. Ra2 Qc6 28. Rc2 Qa6 29. Bd2 Be6 30. Nb4 Qb7 31. Nc6 Rc8 32. Qc1 Bf6 33. Be3 Qa8 34. Nb4 Rb8 35. Nc6 Rc8 36. f3 h6 37. Rc3 Kh7 38. Rf2 d5 39. exd5 Bxd5 40. Nb4 Rxc3 41. Qxc3 Be6 42. Qd3+ g6 43. Qd2 h5 44. Nd3 Bf5 45. Nc5 Bg7 46. Rf1 Qc6 47. Rc1 Nd6 48. Nd3 Qb5 49. Nb2 Nb7 50. Nd1 Na5 51. Nc3 Qe8 52. Qa2 Nc6 53. Nd5 Be6 54. Qd2 Nd4 55. Bxd4 exd4 56. Nf4 Bf5 57. Re1 Qb5 58. Ne2 d3 59. Ng3 Be6 60. Ne4 Bd4+ 61. Kh1 Kg7 62. Rd1 Bc4 63. Nd6 Qc5 64. Nxc4 Qxc4 65. Qxd3 Qxd3 66. Rxd3 Be5 67. g3 Kf6 68. Kg2 Kg7 69. Rb3 Bd4 70. Rb5 Bc3 71. Kf2 Bd4+ 72. Ke2 Bg1 73. h3 Kf8 74. Rb7 Bc5 75. Kd3 Bd6 76. g4 hxg4 77. hxg4 Kg7 78. Ke4 Bg3 79. Kd5 Kf6 80. Rd7 Bh2 81. Ra7 Bf4 82. Kc6 Be3 83. Ra3 Bc1 84. Rc3 Bd2 85. Rd3 Bf4 86. Kd7 Ke5 87. Ke8 f5 88. Kf7 g5 89. Kg6 fxg4 90. fxg4 Ke4 91. Rh3 Bd2 92. Rh5 Kf3 93. Rxg5 Kg3 94. Kh5 1-0

[Event "World Blitz Championship"]
[Site "Almaty KAZ"]
[Date "2022.12.29"]
[Round "10.41"]
[White "Arjun Erigaisi"]
[Black "Mustafa Yilmaz"]
[Result "1-0"]
[EventDate "2022.12.29"]
[WhiteElo "2722"]
[BlackElo "2617"]
[PlyCount "46"]

1. d4 Nf6 2. Nc3 d5 3. Bf4 e6 4. Nb5 Na6 5. e3 Be7 6. Nf3 O-O 7. h4 c5 8. c3 Bd7 9. a4 c4 10. b3 cxb3 11. Bd3 b2 12. Rb1 Ne4 13. Rxb2 Rc8 14. Ng5 f5 15. Bxe4 fxe4 16. Qh5 h6 17. Qg6 Bxg5 18. hxg5 Qe8 19. Qxe8 Bxe8 20. gxh6 Bxb5 21. axb5 Nc7 22. hxg7 Rfe8 23. Bxc7 1-0

[Event "World Blitz Championship"]
[Site "Almaty KAZ"]
[Date "2022.12.29"]
[Round "11.28"]
[White "Arjun Erigaisi"]
[Black "Alexander Donchenko"]
[Result "1-0"]
[EventDate "2022.12.29"]
[WhiteElo "2722"]
[BlackElo "2636"]
[PlyCount "68"]

1. d4 Nf6 2. c4 e6 3. Nc3 Bb4 4. f3 c5 5. d5 d6 6. e4 b5 7. cxb5 O-O 8. Bd3 exd5 9. exd5 a6 10. Ne2 axb5 11. Bxb5 Ba6 12. Bxa6 Nxa6 13. O-O Re8 14. Bg5 h6 15. Bh4 c4 16. Nd4 Bxc3 17. bxc3 Nc7 18. Nc6 Qd7 19. Bxf6 gxf6 20. Qd4 Qf5 21. Nb4 Re2 22. Qxc4 Rae8 23. Qg4+ Qxg4 24. fxg4 Nb5 25. Rf3 R8e4 26. h3 Nxc3 27. a3 Nb5 28. Rxf6 Rd2 29. Rf2 Rdd4 30. Raf1 Nxa3 31. Nc6 Rxd5 32. Rxf7 Rd2 33. Ne7+ Kh8 34. Rf8+ 1-0

[Event "World Blitz Championship"]
[Site "Almaty KAZ"]
[Date "2022.12.29"]
[Round "12.20"]
[White "Ameet K Ghasi"]
[Black "Arjun Erigaisi"]
[Result "0-1"]
[EventDate "2022.12.29"]
[WhiteElo "2471"]
[BlackElo "2722"]
[PlyCount "80"]

1. Nf3 Nf6 2. g3 g6 3. b3 d5 4. Bb2 Bg7 5. c4 O-O 6. Bg2 Nc6 7. d4 a5 8. O-O a4 9. Nbd2 a3 10. Bc3 Bf5 11. Rc1 Ne4 12. Nxe4 Bxe4 13. e3 e6 14. Qe2 Qe7 15. Rfd1 Rfd8 16. Bf1 h5 17. Bh3 g5 18. Nd2 Bg6 19. Bg2 g4 20. cxd5 exd5 21. Qb5 Qd6 22. Nb1 Bf8 23. Be1 Ra6 24. Nc3 Nb4 25. Qe2 Qd7 26. Na4 Rc6 27. Nc5 Bxc5 28. dxc5 Na6 29. Bxd5 Qxd5 30. Rxd5 Rxd5 31. b4 Bd3 32. Qd1 Be4 33. Qa4 Rd3 34. b5 Rxc5 35. Rxc5 Nxc5 36. Qa8+ Kg7 37. Qe8 Rd1 38. Qe5+ Kg6 39. f4 Rxe1+ 40. Kf2 Nd3# 0-1

[Event "World Rapid Championship"]
[Site "Almaty KAZ"]
[Date "2022.12.28"]
[Round "10.4"]
[White "Vladislav Artemiev"]
[Black "Arjun Erigaisi"]
[Result "1-0"]
[EventDate "2022.12.26"]
[WhiteElo "2701"]
[BlackElo "2722"]
[PlyCount "262"]

1. c4 e6 2. Nc3 d5 3. d4 c6 4. cxd5 exd5 5. Bf4 Bf5 6. e3 Bd6 7. Nge2 Nf6 8. Bxd6 Qxd6 9. Ng3 Bg6 10. h4 h5 11. Bd3 Bxd3 12. Qxd3 Nbd7 13. e4 dxe4 14. Ngxe4 Nxe4 15. Qxe4+ Qe7 16. O-O-O Qxe4 17. Nxe4 Rh6 18. Rh3 Kf8 19. Rb3 b6 20. Re3 Nf6 21. Nc3 Rd8 22. Rd2 Ne8 23. Kc2 Rhd6 24. Red3 Nc7 25. g3 a5 26. Ne4 R6d7 27. Nc3 b5 28. a3 a4 29. Ne2 Ne6 30. Kc3 Rd5 31. Kc2 Rf5 32. Nc3 g6 33. Kd1 Nc7 34. Ke2 Nd5 35. Nxd5 Rfxd5 36. Rc2 R8d6 37. Rdc3 Re6+ 38. Re3 Red6 39. Rec3 Re6+ 40. Re3 Rdd6 41. Rxe6 Rxe6+ 42. Kd3 Ke7 43. d5 cxd5 44. Rc7+ Kd6 45. Rxf7 Kc5 46. Rc7+ Kd6 47. Rc8 Rf6 48. f4 Re6 49. Rf8 Kc5 50. Rc8+ Kd6 51. Rf8 Kc5 52. f5 gxf5 53. Rxf5 Rg6 54. Rg5 Rxg5 55. hxg5 Kd6 56. Kd4 Ke6 57. g6 Kf6 58. Kxd5 Kxg6 59. Kc5 Kf5 60. Kxb5 Kg4 61. Kxa4 Kxg3 62. b4 h4 63. b5 h3 64. b6 h2 65. b7 h1=Q 66. b8=Q+ Kg4 67. Qd6 Qa8+ 68. Kb5 Qb7+ 69. Ka5 Qa7+ 70. Kb5 Qb7+ 71. Qb6 Qd5+ 72. Qc5 Qb7+ 73. Kc4 Qa6+ 74. Kc3 Kh3 75. Kb3 Qb7+ 76. Qb4 Qd5+ 77. Qc4 Qb7+ 78. Kc3 Qg7+ 79. Qd4 Qc7+ 80. Kd2 Kg2 81. a4 Qa5+ 82. Kd3 Kh2 83. Qh4+ Kg2 84. Qe4+ Kg3 85. Qc6 Qf5+ 86. Kc3 Qe5+ 87. Kb3 Qb8+ 88. Qb5 Qg8+ 89. Kb4 Qf8+ 90. Qc5 Qb8+ 91. Kc3 Qh8+ 92. Qd4 Qc8+ 93. Kd2 Qa8 94. Qe5+ Kg2 95. a5 Qc6 96. Kd3 Qf3+ 97. Kd2 Qc6 98. Kd3 Qf3+ 99. Kd4 Qd1+ 100. Kc5 Qc2+ 101. Kd6 Qg6+ 102. Ke7 Qc6 103. Qe2+ Kg1 104. Qe3+ Kh1 105. Qb6 Qe4+ 106. Kd8 Qd5+ 107. Kc7 Qe5+ 108. Kb7 Qe7+ 109. Ka8 Qe8+ 110. Ka7 Qa4 111. a6 Kh2 112. Qb2+ Kg1 113. Kb6 Qd1 114. Qg7+ Kf1 115. Qf6+ Kg1 116. Qg6+ Kh2 117. Kc7 Qa1 118. Qd6+ Kh1 119. Qd5+ Kh2 120. Qd6+ Kh1 121. Qc6+ Kh2 122. Kb8 Qh8+ 123. Kb7 Qb2+ 124. Qb6 Qg2+ 125. Kb8 Qg8+ 126. Ka7 Qg7+ 127. Ka8 Qg2+ 128. Qb7 Qd2 129. a7 Kg1 130. Qb6+ Kh2 131. Kb8 1-0

[Event "World Rapid Championship"]
[Site "Almaty KAZ"]
[Date "2022.12.28"]
[Round "11.8"]
[White "Arjun Erigaisi"]
[Black "Alexander Grischuk"]
[Result "1-0"]
[EventDate "2022.12.26"]
[WhiteElo "2722"]
[BlackElo "2745"]
[PlyCount "96"]

1. d4 Nf6 2. c4 e6 3. Nc3 Bb4 4. f3 c5 5. d5 b5 6. e4 d6 7. cxb5 exd5 8. exd5 O-O 9. Bd3 a6 10. Ne2 Qb6 11. a3 axb5 12. Bxb5 Bxc3+ 13. Nxc3 Ba6 14. Bxa6 Qxa6 15. Kf2 Nbd7 16. Qc2 Ne5 17. Rd1 Rfe8 18. Bf4 Nfd7 19. Kg1 c4 20. Ne4 Nd3 21. Bg3 N7e5 22. Kh1 Rab8 23. Rab1 h6 24. h3 f5 25. Nc3 Qb6 26. Rd2 Qb3 27. a4 Qxc2 28. Rxc2 Rb4 29. Bh2 Nc5 30. Re1 Ncd3 31. Rb1 Nc5 32. Re2 Ra8 33. Bxe5 dxe5 34. Rxe5 Rd8 35. a5 f4 36. d6 Nd3 37. Rd5 Kf7 38. a6 Ke6 39. Ra1 Kd7 40. a7 Ra8 41. Nb5 Rxb2 42. Nc7 Rxa7 43. Rxa7 Rb1+ 44. Kh2 Nf2 45. g4 Nd3 46. Nb5+ Ke6 47. Nc3 Rb2+ 48. Kg1 1-0

[Event "World Rapid Championship"]
[Site "Almaty KAZ"]
[Date "2022.12.28"]
[Round "12.8"]
[White "Ian Nepomniachtchi"]
[Black "Arjun Erigaisi"]
[Result "1/2-1/2"]
[EventDate "2022.12.26"]
[WhiteElo "2793"]
[BlackElo "2722"]
[PlyCount "94"]

1. c4 e6 2. g3 d5 3. Bg2 Nf6 4. Nf3 Be7 5. d4 O-O 6. O-O dxc4 7. Qc2 c6 8. Qxc4 b5 9. Qd3 Nbd7 10. Bg5 Bb7 11. Nbd2 Qb6 12. a4 a6 13. e4 c5 14. axb5 axb5 15. d5 c4 16. Qe2 Rxa1 17. Rxa1 Bc5 18. dxe6 fxe6 19. Bh3 h5 20. Bxf6 Nxf6 21. Rf1 Ng4 22. Bxg4 hxg4 23. Ng5 Bb4 24. h4 e5 25. Nb1 Bc8 26. Nc3 Bc5 27. Nd5 Qa7 28. Kg2 g6 29. f3 gxf3+ 30. Rxf3 Qg7 31. Qd2 Kh8 32. Rxf8+ Qxf8 33. Nf3 Kh7 34. Qg5 Bh3+ 35. Kxh3 Qxf3 36. Qxe5 Qf1+ 37. Kg4 Qe2+ 38. Kh3 Qf1+ 39. Kg4 Qe2+ 40. Kg5 Qh5+ 41. Kf4 Qxe5+ 42. Kxe5 b4 43. g4 Kh6 44. Nf4 Bf2 45. Kd5 c3 46. bxc3 bxc3 47. Ne2 1/2-1/2

[Event "World Rapid Championship"]
[Site "Almaty KAZ"]
[Date "2022.12.28"]
[Round "13.6"]
[White "Arjun Erigaisi"]
[Black "Shakhriyar Mamedyarov"]
[Result "1-0"]
[EventDate "2022.12.26"]
[WhiteElo "2722"]
[BlackElo "2740"]
[PlyCount "66"]

1. d4 Nf6 2. Bf4 d5 3. e3 Bg4 4. Qd3 Qc8 5. c4 e6 6. Nc3 Bb4 7. Nf3 O-O 8. a3 Bd6 9. Ne5 Bf5 10. Qd1 dxc4 11. Bxc4 Rd8 12. Qe2 Bxe5 13. dxe5 Nfd7 14. O-O-O Nb6 15. e4 Bg6 16. Ba2 Nc6 17. Bg5 Rxd1+ 18. Rxd1 h6 19. Bh4 Nxe5 20. f4 Nc6 21. g4 f6 22. e5 fxe5 23. f5 Bf7 24. f6 g5 25. Bg3 Nd5 26. Bxe5 Qe8 27. h4 Rd8 28. hxg5 hxg5 29. Rh1 Bg6 30. Qh2 Kf7 31. Qh6 Qf8 32. Qxg5 Qc5 33. Rh7+ 1-0

[Event "World Rapid Championship"]
[Site "Almaty KAZ"]
[Date "2022.12.27"]
[Round "6.2"]
[White "Vladimir3 Fedoseev"]
[Black "Arjun Erigaisi"]
[Result "1-0"]
[EventDate "2022.12.26"]
[WhiteElo "2688"]
[BlackElo "2722"]
[PlyCount "112"]

1. d4 d5 2. c4 e6 3. Nf3 Nf6 4. g3 Be7 5. Bg2 O-O 6. Qc2 c6 7. O-O dxc4 8. Qxc4 b5 9. Qd3 Nbd7 10. Bg5 Bb7 11. Nbd2 Qb6 12. a4 a5 13. Rfc1 bxa4 14. Nc4 Qb5 15. Qc2 c5 16. Qxa4 Qxa4 17. Rxa4 h6 18. Bd2 Rfb8 19. Bf4 Rc8 20. Rxa5 Bd5 21. Rxa8 Rxa8 22. Bd6 Bxd6 23. Nxd6 cxd4 24. Nxd4 Ra4 25. e3 Ne5 26. b3 Ra6 27. Bxd5 Nxd5 28. Ne4 g5 29. h3 Kg7 30. g4 Nd3 31. Nc5 Nxc5 32. Rxc5 Nb4 33. Rc1 Ra2 34. Rd1 Rb2 35. Kg2 Kf6 36. Kg3 Na2 37. Kf3 Nb4 38. Kg3 Na2 39. Rd3 Kg7 40. Nc6 Rc2 41. Ne5 Nc3 42. Rd7 Ne4+ 43. Kf3 Nxf2 44. Rxf7+ Kg8 45. Rf6 Kg7 46. Rg6+ Kh7 47. Rxe6 Nxh3 48. b4 Rb2 49. Rb6 Ng1+ 50. Ke4 Ne2 51. Rb7+ Kg8 52. Kf5 Nc3 53. Kg6 Kf8 54. Nc6 Ke8 55. Re7+ Kf8 56. Rd7 1-0

[Event "World Rapid Championship"]
[Site "Almaty KAZ"]
[Date "2022.12.27"]
[Round "7.6"]
[White "Arjun Erigaisi"]
[Black "Anish Giri"]
[Result "1-0"]
[EventDate "2022.12.26"]
[WhiteElo "2722"]
[BlackElo "2764"]
[PlyCount "66"]

1. Nf3 d5 2. g3 g6 3. Bg2 Bg7 4. d4 Nf6 5. c4 c6 6. cxd5 cxd5 7. Nc3 O-O 8. Ne5 Bf5 9. O-O Ne4 10. Be3 Nxc3 11. bxc3 Nc6 12. Qb3 Nxe5 13. dxe5 Bxe5 14. Bxd5 Qc7 15. Rac1 e6 16. Bf3 Bh3 17. Rfd1 Rad8 18. Bxa7 Rxd1+ 19. Rxd1 Rd8 20. Bd4 Bxd4 21. cxd4 Qa5 22. e3 Ra8 23. Qxb7 Ra7 24. Qc8+ Kg7 25. d5 Rc7 26. Qd8 exd5 27. g4 f6 28. Bxd5 Bxg4 29. f3 Bh3 30. Qg8+ Kh6 31. Qf8+ Kg5 32. f4+ Kf5 33. Qh6 1-0

[Event "World Rapid Championship"]
[Site "Almaty KAZ"]
[Date "2022.12.27"]
[Round "9.5"]
[White "Arjun Erigaisi"]
[Black "Vachier-Lagrave, Maxime"]
[Result "1-0"]
[EventDate "2022.12.26"]
[WhiteElo "2722"]
[BlackElo "2737"]
[PlyCount "124"]

1. d4 Nf6 2. Bf4 g6 3. Nc3 d5 4. e3 Bg7 5. h4 h5 6. Nf3 Bg4 7. Qd2 Bxf3 8. gxf3 c6 9. O-O-O Nbd7 10. e4 e6 11. Rg1 Nb6 12. Kb1 O-O 13. Bg5 Qc7 14. Bd3 Nc4 15. Bxc4 dxc4 16. f4 Kh7 17. f3 b5 18. Qg2 Qd7 19. Qh3 b4 20. Na4 Ng8 21. Nc5 Qc8 22. e5 a5 23. Qf1 c3 24. bxc3 Nh6 25. Bxh6 Bxh6 26. c4 Bxf4 27. Ne4 c5 28. Qd3 Qc7 29. Nf6+ Kh8 30. Qe4 Bh6 31. dxc5 Rad8 32. c6 Bg7 33. Nd7 Rfe8 34. Rd6 Rc8 35. c5 Qa7 36. f4 a4 37. Nb6 b3 38. Qxa4 bxa2+ 39. Qxa2 Qe7 40. Rg5 Rc7 41. Qc4 Rb8 42. c3 Qe8 43. Qe4 Bf8 44. Kc2 Ra7 45. Rg1 Be7 46. Rh1 Bd8 47. Qd4 Rc7 48. Qa4 Qe7 49. Nd7 Rbc8 50. Nf6 Qf8 51. Rb1 Be7 52. Rb6 Ra8 53. Ra6 Rac8 54. Kd3 Kg7 55. Ke2 Rb8 56. Kf3 Qc8 57. Nd7 Bxh4 58. Nxb8 Qxb8 59. Rb6 Qh8 60. Rb7 Bd8 61. Qa8 h4 62. Rxd8 1-0

[Event "World Rapid Championship"]
[Site "Almaty KAZ"]
[Date "2022.12.26"]
[Round "1.37"]
[White "Nderim Saraci"]
[Black "Arjun Erigaisi"]
[Result "0-1"]
[EventDate "2022.12.26"]
[WhiteElo "2441"]
[BlackElo "2628"]
[PlyCount "62"]

1. d4 d5 2. Nf3 Nf6 3. c4 e6 4. Nc3 c6 5. e3 a6 6. Qc2 Nbd7 7. Be2 dxc4 8. Bxc4 b5 9. Be2 Bb7 10. O-O c5 11. dxc5 Bxc5 12. a3 Rc8 13. Bd2 O-O 14. Rfd1 Bd6 15. Rac1 Ne5 16. Nxe5 Bxe5 17. Qb3 Bb8 18. Be1 Qc7 19. g3 Qe7 20. f3 Nd7 21. Bf2 Ne5 22. e4 f5 23. Kg2 Qf7 24. Bd4 Nc4 25. Bxc4 Rxc4 26. e5 f4 27. g4 h5 28. h3 Qg6 29. Kf2 Qg5 30. Nxb5 Rxc1 31. Rxc1 Bd5 0-1

[Event "World Rapid Championship"]
[Site "Almaty KAZ"]
[Date "2022.12.26"]
[Round "2.22"]
[White "Arjun Erigaisi"]
[Black "Raunak Sadhwani"]
[Result "1-0"]
[EventDate "2022.12.26"]
[WhiteElo "2628"]
[BlackElo "2532"]
[PlyCount "80"]

1. b3 e5 2. Bb2 Nc6 3. e3 Nf6 4. Nf3 e4 5. Nd4 Bc5 6. Nf5 g6 7. Ng3 d5 8. Bb5 h5 9. Nc3 O-O 10. h3 Nb8 11. d4 Bd6 12. Qd2 c6 13. Be2 Qe7 14. O-O-O b5 15. Rdg1 Nbd7 16. Nf1 Nb6 17. f4 a5 18. g4 h4 19. Qe1 Ne8 20. g5 a4 21. Bd1 Ba3 22. Nb1 axb3 23. cxb3 Bb4 24. Qxh4 Rxa2 25. Rg2 Ng7 26. Rc2 Bd7 27. Qf2 Rc8 28. h4 c5 29. dxc5 Rxc5 30. h5 d4 31. Bxd4 Rcxc2+ 32. Bxc2 Ba3+ 33. Nxa3 Qxa3+ 34. Kb1 Na4 35. h6 Rb2+ 36. Kc1 Qa1+ 37. Kd2 Rxc2+ 38. Kxc2 Qa2+ 39. Kc1 Qxf2 40. h7+ 1-0

[Event "World Rapid Championship"]
[Site "Almaty KAZ"]
[Date "2022.12.26"]
[Round "3.10"]
[White "Vahap Sanal"]
[Black "Arjun Erigaisi"]
[Result "0-1"]
[EventDate "2022.12.26"]
[WhiteElo "2547"]
[BlackElo "2628"]
[PlyCount "92"]

1. e4 e6 2. d4 d5 3. Nd2 c5 4. exd5 Qxd5 5. Ngf3 cxd4 6. Bc4 Qd6 7. O-O Nf6 8. Nb3 Nc6 9. Nbxd4 Nxd4 10. Nxd4 a6 11. c3 Qc7 12. Bb3 Bd7 13. Qf3 Bd6 14. h3 O-O-O 15. Bg5 Kb8 16. Rad1 Bc8 17. Rfe1 Rhg8 18. Nc2 h6 19. Bc1 Bh2+ 20. Kh1 b6 21. Qe3 Bd6 22. Qe2 Bb7 23. Qc4 g5 24. Qxc7+ Kxc7 25. Kg1 h5 26. Ne3 b5 27. Nf1 Nd5 28. Bc2 Nf4 29. f3 f5 30. Be3 Rg6 31. Rd2 Rdg8 32. Bxf4 gxf4 33. Kh2 Rf6 34. Red1 Rd8 35. Bb3 h4 36. Kh1 Bc6 37. Nh2 Rg6 38. Kg1 Bc5+ 39. Kf1 Rdg8 40. Re2 Be3 41. a3 R8g7 42. Bc2 Rg3 43. Rde1 Bd5 44. Bd3 Rxh3 45. Rxe3 Rxh2 46. R3e2 h3 0-1

[Event "World Rapid Championship"]
[Site "Almaty KAZ"]
[Date "2022.12.26"]
[Round "4.5"]
[White "Arjun Erigaisi"]
[Black "Richard Rapport"]
[Result "1-0"]
[EventDate "2022.12.26"]
[WhiteElo "2628"]
[BlackElo "2802"]
[PlyCount "98"]

1. d4 Nf6 2. c4 e6 3. Nc3 Bb4 4. f3 c5 5. d5 d6 6. e4 b5 7. cxb5 exd5 8. exd5 O-O 9. Bd3 a6 10. Ne2 c4 11. Bxc4 axb5 12. Bxb5 Qb6 13. a3 Bb7 14. Qd3 Nxd5 15. Bd2 Nc7 16. O-O-O Bc5 17. Nf4 d5 18. Rhe1 Ra5 19. Ba4 Ba6 20. Ncxd5 Nxd5 21. Nxd5 Bxd3 22. Nxb6 Ra6 23. Bb4 Bxb4 24. axb4 Rxb6 25. Rxd3 Rxb4 26. Re4 Rc8+ 27. Kb1 Rxe4 28. fxe4 Kf8 29. Bb3 Ke7 30. Rf3 f6 31. Rh3 h6 32. Rg3 g5 33. Rh3 Rh8 34. Kc2 Nc6 35. Bd5 Nb4+ 36. Kc3 Nxd5+ 37. exd5 Kd6 38. Kd4 Rb8 39. Rxh6 Rb4+ 40. Kc3 Rf4 41. g3 Rf2 42. Kd4 Rd2+ 43. Ke4 Re2+ 44. Kf3 Rxb2 45. Rxf6+ Kxd5 46. Rh6 Rb5 47. Kg4 Ke4 48. Re6+ Kd4 49. Rg6 Rb2 1-0

[Event "13th Hainan Danzhou Super Grandmaster"]
[Site "Danzhou CHN"]
[Date "2022.12.14"]
[Round "5.4"]
[White "Arjun Erigaisi"]
[Black "Wenjun Ju"]
[Result "1-0"]
[EventDate "2022.12.12"]
[WhiteElo "2722"]
[BlackElo "2555"]
[PlyCount "86"]

1. d4 Nf6 2. Bg5 d5 3. e3 c5 4. Bxf6 gxf6 5. dxc5 e6 6. Nf3 Bxc5 7. Be2 Nc6 8. O-O O-O 9. c4 d4 10. b4 Bxb4 11. exd4 Re8 12. Qb3 Bf8 13. Rd1 f5 14. Nc3 Bg7 15. Rac1 b6 16. c5 Bb7 17. Nb5 Na5 18. Qa3 Re7 19. Ne5 Bd5 20. Qg3 bxc5 21. dxc5 Qb8 22. f4 f6 23. Nf3 Nc6 24. Nc3 Be4 25. Bb5 Qc7 26. Rd6 Nb4 27. Nxe4 fxe4 28. Nd4 Nxa2 29. Nxe6 Qa5 30. Rcd1 Nc3 31. Rd8+ Rxd8 32. Rxd8+ Qxd8 33. Nxd8 e3 34. Bc4+ Kf8 35. Qe1 f5 36. Ne6+ Rxe6 37. Bxe6 Bd4 38. c6 e2+ 39. Kh1 Ne4 40. c7 Nf2+ 41. Qxf2 Bxf2 42. c8=Q+ Kg7 43. Qg8+ 1-0

[Event "13th Hainan Danzhou Super Grandmaster"]
[Site "Danzhou CHN"]
[Date "2022.12.14"]
[Round "6.2"]
[White "Anish Giri"]
[Black "Arjun Erigaisi"]
[Result "0-1"]
[EventDate "2022.12.12"]
[WhiteElo "2764"]
[BlackElo "2722"]
[PlyCount "84"]

1. e4 c5 2. Nf3 e6 3. c3 d5 4. exd5 Qxd5 5. d4 Nf6 6. Na3 a6 7. Nc4 Nbd7 8. Be2 b5 9. Ne3 Qc6 10. a4 Bb7 11. axb5 axb5 12. Rxa8+ Bxa8 13. O-O Bd6 14. dxc5 Qxc5 15. Qd4 Qc7 16. Qh4 Bxf3 17. Bxf3 O-O 18. Be2 Rb8 19. Rd1 h6 20. g3 Ne5 21. Bd2 Ra8 22. Qh3 Ra2 23. Rb1 Ne4 24. Be1 Bc5 25. Qg2 f5 26. Nc2 b4 27. c4 Qb6 28. Bf3 b3 29. Bxe4 fxe4 30. Ne3 Bxe3 31. fxe3 Qxe3+ 32. Qf2 Nf3+ 33. Kg2 Nxe1+ 34. Rxe1 Qxf2+ 35. Kxf2 Rxb2+ 36. Ke3 Rxh2 37. Kxe4 Kf7 38. Re3 Rc2 39. Kd4 b2 40. Rb3 h5 41. c5 g5 42. c6 Kf6 0-1

[Event "13th Hainan Danzhou Super Grandmaster"]
[Site "Danzhou CHN"]
[Date "2022.12.14"]
[Round "7.3"]
[White "Arjun Erigaisi"]
[Black "Xiangzhi Bu"]
[Result "0-1"]
[EventDate "2022.12.12"]
[WhiteElo "2722"]
[BlackElo "2698"]
[PlyCount "104"]

1. d4 d5 2. c4 c6 3. Nc3 Nf6 4. cxd5 cxd5 5. Bf4 Nc6 6. Nf3 Bf5 7. Qb3 Na5 8. Qa4+ Bd7 9. Qc2 e6 10. e3 Nh5 11. Bg5 f6 12. g4 fxg5 13. gxh5 Bd6 14. Rg1 Qf6 15. Be2 h6 16. h4 gxh4 17. Rg6 Qe7 18. O-O-O Nc6 19. Rdg1 Rg8 20. Rxh6 O-O-O 21. Rh7 h3 22. Nb5 Kb8 23. Qg6 h2 24. Rh1 Nb4 25. Nxd6 Qxd6 26. a3 Be8 27. Qg3 Qxg3 28. fxg3 Rc8+ 29. Kb1 Ba4 30. Bd1 Bb5 31. Ne5 Nd3 32. Bc2 Nxe5 33. dxe5 d4 34. h6 Rxc2 35. Kxc2 Bc6 36. Rxg7 Bxh1 37. Rxg8+ Kc7 38. Rg4 Be4+ 39. Rxe4 h1=Q 40. Rxd4 Qxh6 41. Rf4 Qh2+ 42. Kc3 Qxg3 43. Kd4 Qg2 44. Kc3 Qe2 45. Re4 b5 46. a4 bxa4 47. Rxa4 Qxe3+ 48. Kc2 Kb6 49. Rb4+ Kc5 50. Ra4 Kb5 51. Ra3 Qxe5 52. Rxa7 Qc5+ 0-1

[Event "13th Hainan Danzhou Super Grandmaster"]
[Site "Danzhou CHN"]
[Date "2022.12.13"]
[Round "3.4"]
[White "Liren Ding"]
[Black "Arjun Erigaisi"]
[Result "1/2-1/2"]
[EventDate "2022.12.12"]
[WhiteElo "2811"]
[BlackElo "2722"]
[PlyCount "96"]

1. e4 e6 2. d4 d5 3. e5 c5 4. c3 Nc6 5. Nf3 Bd7 6. Be2 f6 7. O-O fxe5 8. Nxe5 Nxe5 9. dxe5 Qc7 10. Re1 O-O-O 11. Bf1 Ne7 12. Nd2 Nf5 13. Nf3 Be7 14. b4 Kb8 15. Rb1 Rhf8 16. bxc5 Bxc5 17. Re2 Bb6 18. Ba3 Qxc3 19. Bxf8 Rxf8 20. Rc2 Qa3 21. Bb5 Bxb5 22. Rxb5 Qa4 23. Rb1 Qf4 24. Qd2 Ne3 25. Rb4 Nc4 26. Qxf4 Rxf4 27. Ne1 Ba5 28. Nd3 Rd4 29. Rb3 Nxe5 30. Nb2 Re4 31. g3 g5 32. Kg2 Bb6 33. Rbc3 a6 34. Rc8+ Ka7 35. Re8 Nc6 36. Nd3 e5 37. h3 h5 38. a3 a5 39. Rb2 Ra4 40. Rb5 e4 41. Ne5 Rxa3 42. Rxd5 Nxe5 43. Rexe5 Ra2 44. Rxe4 Rxf2+ 45. Kh1 Rf1+ 46. Kg2 Rf2+ 47. Kh1 Rf1+ 48. Kg2 Rf2+ 1/2-1/2

[Event "13th Hainan Danzhou Super Grandmaster"]
[Site "Danzhou CHN"]
[Date "2022.12.13"]
[Round "4.1"]
[White "Richard Rapport"]
[Black "Arjun Erigaisi"]
[Result "1-0"]
[EventDate "2022.12.12"]
[WhiteElo "2740"]
[BlackElo "2722"]
[PlyCount "72"]

1. Nf3 d5 2. g3 g6 3. Bg2 Bg7 4. O-O c5 5. c4 Nf6 6. Nc3 O-O 7. d3 d4 8. Na4 Nfd7 9. a3 a5 10. h4 h6 11. e3 Nc6 12. exd4 cxd4 13. c5 b5 14. cxb6 Nxb6 15. h5 gxh5 16. Nh2 Bd7 17. Nc5 Be8 18. Qxh5 Qd6 19. Ng4 f5 20. Nxh6+ Bxh6 21. Qxh6 Qxc5 22. Qg5+ Kf7 23. Bf4 Rg8 24. Qh5+ Ke6 25. Qe2+ Kf7 26. Rac1 Qb5 27. Rfe1 Rg6 28. Bxc6 Bxc6 29. Qxe7+ Kg8 30. Re6 Rg7 31. Qd6 Bb7 32. Rg6 Qe8 33. Rxg7+ Kxg7 34. Be5+ Kg8 35. Qf6 Qd7 36. Qg6+ 1-0

[Event "13th Hainan Danzhou Super Grandmaster"]
[Site "Danzhou CHN"]
[Date "2022.12.12"]
[Round "1.3"]
[White "Dmitry Andreikin"]
[Black "Arjun Erigaisi"]
[Result "1/2-1/2"]
[EventDate "2022.12.12"]
[WhiteElo "2729"]
[BlackElo "2722"]
[PlyCount "112"]

1. Nf3 d5 2. d4 Nf6 3. c3 Bf5 4. Qb3 e6 5. Qxb7 Nbd7 6. Qb3 Bd6 7. g3 h5 8. Bg2 Ne4 9. Nbd2 c5 10. Qd1 Rb8 11. dxc5 Bxc5 12. Nxe4 Bxe4 13. O-O O-O 14. Ng5 Bg6 15. e4 Nf6 16. exd5 exd5 17. b4 Bb6 18. a4 a5 19. Bf4 Rc8 20. Rc1 Rc4 21. Nf3 axb4 22. cxb4 Rxb4 23. Ne5 Rb2 24. a5 Bxa5 25. Nc6 Qa8 26. Ne7+ Kh7 27. Ra1 Rb5 28. Bd2 Qa6 29. Bxa5 Rxa5 30. Nxd5 Nxd5 31. Rxa5 Qxa5 32. Qxd5 Qxd5 33. Bxd5 Rd8 34. Rd1 Kh6 35. Bf3 Rxd1+ 36. Bxd1 f6 37. h4 Bf7 38. f4 g5 39. Kf2 gxh4 40. gxh4 Kg7 41. Ke3 Kf8 42. Ke4 Bg6+ 43. Kd5 Ke7 44. Be2 Bf7+ 45. Kc5 Bg6 46. Bc4 Be8 47. Bd5 Bg6 48. Kd4 Kd6 49. Bf3 Bf7 50. Bd1 Bg6 51. Ba4 Bf7 52. f5 Bd5 53. Bd1 Bf7 54. Ba4 Bd5 55. Bd1 Bf7 56. Ba4 1/2-1/2

[Event "13th Hainan Danzhou Super Grandmaster"]
[Site "Danzhou CHN"]
[Date "2022.12.12"]
[Round "2.2"]
[White "Arjun Erigaisi"]
[Black "Vachier-Lagrave, Maxime"]
[Result "1/2-1/2"]
[EventDate "2022.12.12"]
[WhiteElo "2722"]
[BlackElo "2737"]
[PlyCount "66"]

1. d4 Nf6 2. Bf4 e6 3. e3 c5 4. Nf3 Qb6 5. Na3 cxd4 6. Nc4 Qb4+ 7. c3 dxc3 8. bxc3 Qxc3+ 9. Nfd2 Nc6 10. a3 g5 11. Bxg5 Rg8 12. Rc1 Qxc1 13. Qxc1 Rxg5 14. h4 Rg8 15. Qb2 Be7 16. Rh3 d5 17. Ne5 Nxe5 18. Qxe5 Bd7 19. Rf3 Ng4 20. Qb2 f5 21. Qxb7 Rc8 22. Bb5 Rc1+ 23. Ke2 Bxb5+ 24. Qxb5+ Kf7 25. e4 dxe4 26. Nxe4 Rgc8 27. Qb3 R1c2+ 28. Nd2 R2c5 29. Rd3 Re5+ 30. Kf3 Rec5 31. Ke2 Re5+ 32. Kf3 Rec5 33. Ke2 1/2-1/2